Sportifs par Titre de Champion du Monde - Statistiques

Statistiques générales
  • Ce quiz a été pris 60 fois
  • Le résultat moyen est 8 sur 20
Statistiques - réponses
Hint Réponse % Correct
Tato Grigalashvili (Georgie) Judo Mi-Moyens -81kg (2023)
64%
Ma Long (Chine) Tennis de Table Simple (2017)
64%
Adam Peaty (UK) Natation 50m Brasse (2017)
62%
Caeleb Dressel (USA) Natation 100m Nage Libre (2019)
56%
Neeraj Chopra (Inde) Athlétisme Javelot (2023)
51%
Mathieu Faivre (France) Ski Alpin Slalom Géant (2021)
51%
Pedro Pichardo (Portugal) Athlétisme Triple Saut (2022*--2021)
49%
Beat Feuz (Suisse) Ski Alpin Descente (2017)
46%
Tobias Foss (Norvège) Cyclisme Sur Route Contre la Montre (2022)
41%
Stefan Kraft (Autriche) Saut à ski Grand Tremplin Individuel (2021)
41%
Filippo Ganna (Italie) Cyclisme Sur Piste Poursuite Individuelle (2018)
38%
Luca Brecel (Belgique) Snooker (2023)
38%
Ramil Guliyev (Turquie) Athlétisme 200m (2017)
33%
Dominik Windisch (Italie) Biathlon Mass Start (2019)
33%
Donavan Brazier (USA) Athlétisme 800m (2019)
31%
Harrie Lavreysen (Pays-Bas) Cyclisme Sur Piste Keirin (2022)
31%
Kento Momota (Japon) Badminton Simple (2019)
23%
Tommaso Marini (Italie) Escrime Fleuret (2023)
23%
Ilia Malinin (USA) Patinage Artistique Simple (2024)
21%
Lowell Bailey (USA) Biathlon 20Km Individuel (2017)
18%
Aucun quiz correspondant
Distribution des résultats
% des personnes avec chaque résultat
Percentile par nombre de réponses
Votre historique - résultats
Vous n’avez pas pris ce quiz